00944 a2200145 4500003000500000005001700005040000900022082001800031100003800049245006500087260003500152300001000187505056700197650003400764Nust20221124133825.0 cNust a621.38132,ARU aDr. M. Armugam , N . Premakumaran aElectric circuit theory /cDr. M. Armugam , N . Premakumaran aDehlibKhanna Publishersc1997 a 462p aIntroduction (Page-1), Direct Current Circuits –I (Page-11), Direct Current Circuits –II (Page-35), Network Theory (Page-68), Alternating Current Fundamentals (Page-108), A.C. Circuits (Page-141), Resonance in A.C. Circuits (Page-182), A.C. Network Analysis (Page-204), A.C. Network Theorems (Page-226), Coupled Circuits (Page-249), Poly Phase Circuits (Page-261), Symmetrical Components (Page-284), Circuits Transient (Page-292), Two Port Networks (Page-361), Electric Wave Filters (Page-391), Fourier Series (Page-426), State Variables Analysis (Page-451), aTelecommunication Engineering